EG offices (Record no. 82375)

MARC details
000 -LEADER
fixed length control field 00835cab a22001935a 4500
001 - CONTROL NUMBER
control field L150056
008 - FIXED-LENGTH DATA ELEMENTS--GENERAL INFORMATION
fixed length control field 100526e20100522xxk 000 0 eng d
035 ## - SYSTEM CONTROL NUMBER
System control number (Sirsi) u150056
041 0# - LANGUAGE CODE
Language code of text/sound track or separate title eng
100 1# - MAIN ENTRY--PERSONAL NAME
Personal name Kivlehan, Noella Pio
245 00 - TITLE STATEMENT
Title EG offices
260 ## - PUBLICATION, DISTRIBUTION, ETC.
Date of publication, distribution, etc. 2010
490 ## - SERIES STATEMENT
Series statement Estates Gazette
Volume/sequential designation (1022) 22 May 2010, 91-103(12)
520 ## - SUMMARY, ETC.
Summary, etc. Sustainability and adaptable buildings key issues discussed in round table meeting with panel of property experts. Image and good design key factors in office fitouts. Grades offices from A to D ranging from premium stock Grade A to average office space of 15 000 sq ft in London Grade D. Serviced offices and supermarket led office developments.
590 ## - LOCAL NOTE (RLIN)
Local note KA
651 #4 - SUBJECT ADDED ENTRY--GEOGRAPHIC NAME
Geographic name United Kingdom
Chronological subdivision
690 ## - LOCAL SUBJECT ADDED ENTRY--TOPICAL TERM (OCLC, RLIN)
Topical term or geographic name as entry element PROPERTY-COMMERCIAL PROPERTY-COMMERCIAL PROPERTY MARKET
942 ## - ADDED ENTRY ELEMENTS (KOHA)
Suppress in OPAC 0
Holdings
Withdrawn status Lost status Source of classification or shelving scheme Damaged status Not for loan Home library Current library Shelving location Date acquired Total Checkouts Full call number Barcode Date last seen Copy number Price effective from Koha item type
    Dewey Decimal Classification     London London Journal article 26/05/2010   L150056 150056-1001 06/08/2019 1 06/08/2019 Journal article